Natalie Dormer Filmography - Statistics

General Stats
  • This quiz has been taken 19 times
    5 since last reset
  • The average score is 20 of 57
Answer Stats
Type Year Name % Correct
TV Show 2012-2016 Game of Thrones
100%
Video Game 2014 Game of Thrones: A Telltale Game Series
100%
Film 2011 Captain America: The First Avenger
60%
TV Show 2007-2008, 2010 The Tudors
60%
TV Show 2009 Agatha Christie's Marple
40%
Film 2013 A Long Way from Home
40%
Film 2024 Audrey's Children
40%
Film 2005 Casanova
40%
Film 2009 City of Life
40%
TV Show 2005 Distant Shores
40%
TV Show 2013-2015 Elementary
40%
Film 2007 Flawless
40%
Short Film 2012 How to Behave
40%
Film 2018 In Darkness
40%
TV Show 2024 Inside No. 9
40%
Video Game 2017 Mass Effect: Andromeda
40%
TV Pilot 2009 Masterwork
40%
Web Series TBA Mercenary: An Extraction Series
40%
TV Show TBA Minotaur
40%
Music Video 2020 No Day Shall Erase You (A Flat Minor)
40%
Film 2018 Patient Zero
40%
TV Show 2020 Penny Dreadful: City of Angels
40%
Film 2019 Pets United
40%
Web Mini-Series 2018 Picnic at Hanging Rock
40%
TV Pilot 2011 Poe
40%
TV Show 2006 Rebus
40%
Film 2013 Rush
40%
TV Show 2011 Silk
40%
Music Video 2015 Someone New
40%
Short Film 2013 The Brunchers
40%
Film 2013 The Counselor
40%
Web Series 2019 The Dark Crystal: Age of Resistance
40%
TV Mini-Series 2011 The Fades
40%
Film 2016 The Forest
40%
Film 2014 The Hunger Games: Mockingjay - Part 1
40%
Film 2015 The Hunger Games: Mockingjay - Part 2
40%
TV Show 2025 The Lady
40%
Film 2019 The Professor and the Madman
40%
Short Film 2014 The Ring Cycle
40%
Film 2014 The Riot Club
40%
Short Film 2016 The Roof
40%
TV Film 2015 The Scandalous Lady W
40%
Film 2024 The Wasp
40%
Film 2011 W.E.
40%
TV Show 2024 White Lies
40%
Web Series 2026 Extraction
20%
Commercial 2018 Nespresso
20%
Theater 2010 .45
0%
Theater 2012, 2015 After Miss Julie
0%
TV Show 2018 CBeebies Bedtime Story
0%
Commercial 2015 Dodge
0%
TV Documentary 2024 Inside No. 9: The Party's Over
0%
Radio Play 2013 Neil Gaiman's Neverwhere
0%
Theater 2010 Sweet Nothings
0%
TV Special 2014 The Big Fat Quiz of the Year
0%
Theater 2003 The Comedy of Errors
0%
Theater 2017 Venus in Fur
0%
No matching quizzes found
Score Distribution
Percent of People with Each Score
Percentile by Number Answered
Your Score History
You have not taken this quiz since the last reset